Hide and Seek - Capitals #5 - Statistics

General Stats
  • This quiz has been taken 12 times
  • The average score is 8 of 9
Answer Stats
Answer % Correct
Copenhagen
91%
Helsinki
91%
Moscow
91%
Oslo
91%
Reykjavik
91%
Stockholm
91%
Tallinn
91%
They're all north of 55ºN.
73%
Riga
64%
No matching quizzes found
Score Distribution
Percent of People with Each Score
Percentile by Number Answered
Your Score History
You have not taken this quiz